|
|
|
|
| LEADER |
00000nam0a2200000 4500 |
| 001 |
288636 |
| 005 |
20231102000116.0 |
| 020 |
|
|
|a RU
|b 85-69592
|
| 035 |
|
|
|a (RuTPU)RU\TPU\book\313115
|
| 090 |
|
|
|a 288636
|
| 100 |
|
|
|a 20150326g1985 m y0rusy5003 ca
|
| 101 |
0 |
|
|a rus
|
| 102 |
|
|
|a RU
|
| 105 |
|
|
|a y j 001zy
|
| 200 |
1 |
|
|a Инвестиционный процесс и пути его совершенствования
|e учебное пособие
|h Ч. 1
|f А. А. Лебедев
|g Московский институт народного хозяйства им. Г. В. Плеханова
|
| 210 |
|
|
|a Москва
|c Изд-во МИНХ
|d 1985
|
| 215 |
|
|
|a 78 с.
|
| 320 |
|
|
|a Библиогр.: с. 77
|
| 606 |
1 |
|
|a Капитальное строительство
|x Экономическая эффективность
|2 stltpush
|3 (RuTPU)RU\TPU\subj\13795
|9 40357
|
| 610 |
1 |
|
|a капитальные вложения
|
| 610 |
1 |
|
|a строительные комплексы
|
| 610 |
1 |
|
|a инвестиции
|
| 610 |
1 |
|
|a инвестиционный процесс
|
| 610 |
1 |
|
|a инвестиционный потенциал
|
| 610 |
1 |
|
|a учебные пособия
|
| 675 |
|
|
|a 69:658.152(075.8)
|z rus
|v 3
|
| 700 |
|
1 |
|a Лебедев
|b А. А.
|g Александр Александрович
|4 070
|
| 712 |
0 |
2 |
|a Московский институт народного хозяйства им. Г. В. Плеханова
|c (1924-1991)
|2 stltpush
|3 (RuTPU)RU\TPU\col\14943
|9 26045
|
| 801 |
|
0 |
|a RU
|b RuMRKP
|c 19950704
|g psbo
|
| 801 |
|
1 |
|a RU
|b 63413507
|c 20150326
|
| 801 |
|
2 |
|a RU
|b 63413507
|c 20180126
|g RCR
|
| 942 |
|
|
|c BK
|